[Event "Ch Asia (juniors) (under 18)"]
[Site "masterchessopen.com Tashkent (Uzbekistan)"]
[Date "2007.07.02"]
[Round "5"]
[White "Sai Srinivas (IND)"]
[Black "Premnath R (IND)"]
[Result "1-0"]
[WhiteElo "2302"]
[BlackElo "2254"]

1.e4 c5 2.Nf3 d6 3.d4 cxd4 4.Nxd4 Nf6 5.f3 e5 6.Bb5+ Nbd7 7.Nb3 d5 8.exd5 a6
9.Be2 b5 10.a4 bxa4 11.Rxa4 Nb6 12.Ra1 Nbxd5 13.Bb5+ Bd7 14.Bxa6 Qb6 15.Qe2
Bb4+ 16.c3 O-O 17.Bc4 Rxa1 18.Nxa1 Nf4 19.Bxf4 exf4 20.Kd1 Bc5 21.Kc1 Be3+
22.Nd2 Bf5 23.b4 Rc8 24.Nb3 Nd7 25.Kb2 Ne5 26.Na5 Rd8 27.Ndb3 Rc8 28.Rd1 h6
29.Rd5 Qf6 30.Ba6 Rc7 31.Nc5 Nd7 32.Nab3 Nb6 33.Rd1 Be6 34.Nd4 Bc8 35.Bb5 g6
36.Qd3 Kg7 37.Ne4 Qh4 38.Nc2 f5 39.Nxe3 fxe4 40.Qxe4 Qf6 41.Nc4 Bf5 42.Qd4
Nxc4+ 43.Bxc4 g5 44.Qxf6+ Kxf6 45.Kb3 h5 46.h3 g4 47.fxg4 hxg4 48.hxg4 Bxg4
49.Rd2 Ke5 50.b5 {#r} 1-0

[Event "It (open)"]
[Site "masterchessopen.com Kowalewo Pomorskie (Poland) "]
[Date "2007.07.09"]
[Round "7"]
[White "Bielinski Dariusz (POL)"]
[Black "Sharapov Evgeny (UKR)"]
[Result "0-1"]
[WhiteElo "2199"]
[BlackElo "2399"]

1.e4 c5 2.Nf3 d6 3.d4 cxd4 4.Nxd4 Nf6 5.f3 e5 6.Bb5+ Nbd7 7.Nf5 d5 8.exd5 a6
9.Ba4 b5 10.Bb3 Nc5 11.Ne3 Nxb3 12.axb3 Bc5 13.Nc3 Bb7 14.Qd3 O-O 15.Ne4 Bxe3
16.Nxf6+ Qxf6 17.Bxe3 Rfd8 18.c4 Qh4+ 19.Bf2 Qg5 20.O-O Rd6 21.Be3 Qh5 22.f4
Rh6 23.h3 Rg6 24.f5 Rg3 25.Kh2 Qg5 26.Bxg5 Rxd3 27.Rfd1 Rxd1 28.Rxd1 f6 29.Be3
Rd8 30.Kg3 g6 31.Kf3 gxf5 32.g4 f4 33.Bb6 Rd6 34.Bf2 Kf7 35.Ke4 h6 36.Rd3 a5
37.h4 Kg6 38.g5 Bc8 39.gxf6 Kxf6 40.Kf3 Kf5 {#R} 0-1

[Event "Ch Tatarstan (open)"]
[Site "masterchessopen.com Kazan (Russia)"]
[Date "2007.08.20"]
[Round "1"]
[White "Yandemirov Valeri (RUS)"]
[Black "Bashkirov Aleksey (RUS)"]
[Result "1-0"]
[WhiteElo "2468"]
[BlackElo "2160"]

1.e4 c5 2.Nf3 d6 3.d4 cxd4 4.Nxd4 Nf6 5.f3 e5 6.Bb5+ Bd7 7.Bxd7+ Qxd7 8.Nf5 d5
9.Bg5 Nc6 10.Bxf6 gxf6 11.Qxd5 Qxd5 12.exd5 Nb4 13.Na3 Nxd5 14.O-O-O O-O-O
15.Nb5 Nb4 16.Nxa7+ Kc7 17.Nb5+ Kc8 18.Rxd8+ Kxd8 19.Rd1+ Kc8 20.c3 Nc6
21.Nbd6+ Kc7 22.Ne8+ Kc8 23.Nxf6 Bc5 24.b4 Ba7 25.Rd7 Nd8 26.Nd6+ Kb8 27.Nxf7
Nxf7 28.Rxf7 h6 29.Nd7+ {#r} 1-0

[Event "Ch Russia (students) (open)"]
[Site "masterchessopen.com Novokuznetsk (Russia)"]
[Date "2007.10.24"]
[Round "3"]
[White "Pokusaev Vyacheslav (RUS)"]
[Black "Epifantsev Igor (RUS)"]
[Result "1-0"]
[WhiteElo "2308"]
[BlackElo "2185"]

1.e4 c5 2.Nf3 d6 3.d4 cxd4 4.Nxd4 Nf6 5.f3 e5 6.Bb5+ Bd7 7.Bxd7+ Nbxd7 8.Nf5
Qc7 9.Nc3 g6 10.Ne3 Bg7 11.O-O a6 12.Ned5 Nxd5 13.Nxd5 Qd8 14.Be3 O-O 15.a4 h6
16.Qd2 Kh7 17.Qb4 Nf6 18.Rfd1 Nxd5 19.Rxd5 Qc7 20.c3 f5 21.Qxd6 Qc4 22.Qc5 Qb3
23.Qb4 Qxb4 24.cxb4 Rac8 25.Bc5 Rf6 26.exf5 gxf5 27.a5 Rf7 28.Rad1 Kg6 29.Rd6+
Kg5 30.Re6 Rcc7 31.g3 Rfd7 32.Rxd7 Rxd7 33.Be7+ Kh5 34.h3 {#r} 1-0

[Event "Ch World (juniors) (under 14)"]
[Site "masterchessopen.com Kemer (Turkey)"]
[Date "2007.11.19"]
[Round "2"]
[White "Chua Zheng Yuan Terry (SIN)"]
[Black "Perez Ponsa Federico (ARG)"]
[Result "0-1"]
[WhiteElo "2096"]
[BlackElo "2232"]

1.e4 c5 2.Nf3 d6 3.d4 cxd4 4.Nxd4 Nf6 5.f3 e5 6.Bb5+ Nbd7 7.Nf5 d5 8.exd5 a6
9.Ba4 b5 10.Bb3 Nb6 11.Ne3 Bc5 12.Nc3 Bb7 13.Qd3 Bd4 14.Nf5 Bxc3+ 15.Qxc3 O-O
16.O-O Re8 17.Bg5 Nbxd5 18.Qd2 Qc8 19.Qd3 Nb4 20.Bxf7+ Kxf7 21.Qb3+ Kg6
22.Nh4+ Kxg5 23.f4+ exf4 24.Rxf4 Qc5+ 25.Kh1 Qe3 26.Rf5+ Kxh4 27.Qxb4+ Re4
{#R} 0-1

[Event "Ch World (juniors) (under 14)"]
[Site "masterchessopen.com Kemer (Turkey)"]
[Date "2007.11.22"]
[Round "6"]
[White "Chua Zheng Yuan Terry (SIN)"]
[Black "Swiercz Dariusz (POL)"]
[Result "0-1"]
[WhiteElo "2096"]
[BlackElo "2274"]

1.e4 c5 2.Nf3 d6 3.d4 cxd4 4.Nxd4 Nf6 5.f3 e5 6.Bb5+ Nbd7 7.Nf5 a6 8.Ba4 b5
9.Bb3 Nc5 10.Ne3 Be7 11.Nc3 Be6 12.O-O O-O 13.Ncd5 Nxd5 14.Bxd5 Rb8 15.b3 Bg5
16.Qe2 Bxe3+ 17.Bxe3 Bxd5 18.exd5 Qc7 19.Rac1 a5 20.c4 b4 21.f4 exf4 22.Bxf4
Rbe8 23.Qf3 f5 24.Rce1 Ne4 25.Qd3 Re7 26.Qd4 Rfe8 27.Bc1 Nc3 28.Qf2 Rxe1
29.Rxe1 Rxe1+ 30.Qxe1 Qa7+ 31.Qe3 Qxe3+ 32.Bxe3 Nxa2 33.Bb6 a4 34.bxa4 Nc3
35.Bd4 Nxa4 36.Kf2 b3 37.Ke3 b2 38.Bxb2 Nxb2 39.Kd4 Na4 {#R} 0-1

[Event "It (open)"]
[Site "masterchessopen.com Osijek (Croatia)"]
[Date "2007.12.16"]
[Round "9"]
[White "Leventic Ivan (CRO)"]
[Black "Lalic Kristijan (CRO)"]
[Result "1-0"]
[WhiteElo "2499"]
[BlackElo "2227"]

1.e4 c5 2.Nf3 d6 3.d4 cxd4 4.Nxd4 Nf6 5.f3 e5 6.Bb5+ Bd7 7.Bxd7+ Qxd7 8.Nf5 d5
9.Bg5 dxe4 10.Bxf6 Qxd1+ 11.Kxd1 gxf6 12.fxe4 Nc6 13.c3 Rg8 14.g3 O-O-O+
15.Kc2 Ne7 16.Nxe7+ Bxe7 17.Nd2 Rg4 18.Rae1 b5 19.Nf3 b4 20.Nh4 a5 21.Nf5 Bc5
22.h3 Rg5 23.Rd1 Rgg8 24.Rxd8+ Kxd8 25.Rd1+ Kc7 26.Rd5 Kc6 27.Kb3 bxc3 28.bxc3
Ra8 29.a4 Bf8 30.Kc4 h5 31.Rb5 {#r} 1-0

[Event "It (open) (masters)"]
[Site "masterchessopen.com Singapore"]
[Date "2007.12.17"]
[Round "1"]
[White "Chua Zheng Yuan Terry (SIN)"]
[Black "Mas Hafizulhelmi (MAS)"]
[Result "1-0"]
[WhiteElo "2096"]
[BlackElo "2372"]

1.e4 c5 2.Nf3 d6 3.d4 cxd4 4.Nxd4 Nf6 5.f3 e5 6.Bb5+ Nbd7 7.Nf5 d5 8.exd5 a6
9.Ba4 b5 10.Bb3 Nc5 11.Ne3 Nxb3 12.axb3 Bc5 13.Nc3 O-O 14.O-O Qb6 15.Re1 Bb7
16.Kh1 Rfd8 17.Qe2 Rac8 18.Bd2 Re8 19.Rad1 Bd4 20.Nf5 Bxc3 21.bxc3 g6 22.Be3
Qd8 23.Nh6+ Kg7 24.c4 bxc4 25.bxc4 Nd7 26.Rb1 Ba8 27.Ng4 f5 28.Nf2 Qh4 29.f4
Kf7 30.Nh3 exf4 31.Nxf4 Re4 32.Ne6 Kg8 33.Nd4 Ne5 34.Qf2 Qh5 35.Qg3 Re8 36.Bg1
Nxc4 37.Rxe4 fxe4 38.Rb8 g5 39.Rxe8+ Qxe8 40.Qxg5+ Kf7 41.Ne6 {#r} 1-0

[Event "Memorial P.Dubinin (open)"]
[Site "masterchessopen.com Nizhnij Novgorod (Russia)"]
[Round "0"]
[White "Varfalomeev Yan (RUS)"]
[Black "Shadrin Andrey (RUS)"]
[Result "0-1"]
[WhiteElo "1688"]
[BlackElo "1881"]

1.e4 c5 2.Nf3 d6 3.d4 cxd4 4.Nxd4 Nf6 5.f3 e5 6.Bb5+ Bd7 7.Bxd7+ Qxd7 8.Nf5 d5
9.Ng3 dxe4 10.Qxd7+ Nbxd7 11.Nxe4 Nxe4 12.fxe4 Nf6 13.O-O Bc5+ 14.Kh1 Nxe4
15.g3 f6 16.Re1 Nd6 17.a3 Kf7 18.Nc3 a6 19.Na4 Ba7 20.Bd2 Rac8 21.Bb4 Nf5
22.Rad1 Rhd8 23.Ba5 Rxd1 24.Rxd1 Ke6 25.c3 Ne3 26.Rd3 Nc4 27.Bb4 a5 28.b3 axb4
29.bxc4 bxa3 30.c5 Bxc5 31.Nxc5+ Rxc5 32.c4 Ra5 33.Rd1 a2 34.Ra1 Kd6 35.Kg2
Kc5 {#R} 0-1

[Event "It (open)"]
[Site "masterchessopen.com New Delhi (India)"]
[Date "2008.01.15"]
[Round "4"]
[White "Das Sayantan (IND)"]
[Black "Debashish Das (IND)"]
[Result "0-1"]
[WhiteElo "2112"]
[BlackElo "2309"]

1.e4 c5 2.Nf3 d6 3.d4 cxd4 4.Nxd4 Nf6 5.f3 e5 6.Bb5+ Nbd7 7.Nf5 d5 8.exd5 a6
9.Bxd7+ Qxd7 10.Ne3 b5 11.c4 Bc5 12.Nc3 O-O 13.cxb5 axb5 14.O-O Bb7 15.Ne4
Nxe4 16.fxe4 Ra4 17.Qd3 Rd4 18.Qc2 Bb6 19.Kh1 Rc8 20.Qb1 g6 21.h3 h5 22.Kh2
Qe7 23.Nd1 b4 24.b3 Ba6 25.Re1 Bd3 26.Qb2 Rc2 27.Be3 Rxe4 28.Qb1 Rxg2+ 29.Kxg2
Bxb1 30.Rxb1 Bxe3 31.Rxe3 Qg5+ 32.Kf2 Rf4+ 33.Ke2 Qg2+ {#R} 0-1

[Event "It (open) (b)"]
[Site "masterchessopen.com Moscow (Russia)"]
[Date "2008.02.06"]
[Round "5"]
[White "Vartapetyan Armen (UKR)"]
[Black "Rozhkov Vecheslav (RUS)"]
[Result "1-0"]
[WhiteElo "2117"]
[BlackElo "2243"]

1.e4 c5 2.Nf3 d6 3.d4 cxd4 4.Nxd4 Nf6 5.f3 e5 6.Bb5+ Bd7 7.Bxd7+ Qxd7 8.Nf5 g6
9.Ne3 Nc6 10.Nc3 Nd4 11.Ncd5 Nxd5 12.Nxd5 Bg7 13.c3 Ne6 14.Be3 O-O 15.O-O f5
16.Qb3 Rf7 17.a4 g5 18.exf5 Rxf5 19.Nc7 Qxc7 20.Qxe6+ Rf7 21.Bxg5 Qd7 22.Qd5
Kh8 23.Be3 Rf6 24.Qb5 Qc7 25.Rad1 Rg6 26.Rf2 a6 27.Qd5 Rg8 28.Qe4 Qd7 29.Re2
Qe7 30.Kh1 Bh6 31.Bxh6 Rxh6 32.c4 Rh4 33.Qd5 Rh6 34.Re4 Qe8 35.Rg4 Rxg4
36.fxg4 b6 37.Rf1 Rg6 38.h3 Re6 39.Qb7 a5 40.Rf7 Qg8 41.Qd7 Rg6 42.Qf5 e4
43.Rf8 e3 44.Rxg8+ Kxg8 45.Qe4 {#r} 1-0

[Event "It (open) (w)"]
[Site "masterchessopen.com Moscow (Russia)"]
[Date "2008.02.06"]
[Round "5"]
[White "Miloserdova Irina (RUS)"]
[Black "Airapetian Tatevik (RUS)"]
[Result "0-1"]
[WhiteElo "2056"]
[BlackElo "2175"]

1.e4 c5 2.Nf3 d6 3.d4 cxd4 4.Nxd4 Nf6 5.f3 e5 6.Bb5+ Nbd7 7.Nf5 a6 8.Ba4 b5
9.Bb3 Nb6 10.Ne3 Be7 11.Nc3 Be6 12.O-O O-O 13.Ned5 Nfxd5 14.Nxd5 Nc4 15.Bxc4
bxc4 16.b3 Rc8 17.Ba3 Rc6 18.Nxe7+ Qxe7 19.Qd2 Rd8 20.Rad1 Qc7 21.Rf2 h6
22.Bb4 Rd7 23.Ba3 a5 24.Qe3 a4 25.Rfd2 cxb3 26.axb3 Rc3 27.Rd3 Rxd3 28.Rxd3
Qxc2 29.Qd2 Qb1+ 30.Qd1 Qa2 31.bxa4 Bc4 32.Rxd6 Rb7 33.Bc1 Rb1 34.Rc6 Qb3
35.Rc8+ Kh7 36.Qd2 Qb6+ 37.Kh1 Qb4 38.Qe3 Qb3 39.Qd2 Qd3 40.Qe1 Qc2 {#R} 0-1

[Event "It (cat.1)"]
[Site "masterchessopen.com Rio de Janeiro (Brazil)"]
[Date "2008.02.29"]
[Round "1"]
[White "Bottari Raimondo (ITA)"]
[Black "Di Berardino Diego Rafael (BRA)"]
[Result "0-1"]
[WhiteElo "2180"]
[BlackElo "2503"]

1.e4 c5 2.Nf3 d6 3.d4 cxd4 4.Nxd4 Nf6 5.f3 e5 6.Bb5+ Nbd7 7.Nf5 d5 8.exd5 a6
9.Ba4 b5 10.Bb3 Nb6 11.Ne3 Bc5 12.Nc3 Bb7 13.Qd3 Bd4 14.Bd2 Nfxd5 15.Ncxd5
Nxd5 16.Bxd5 Bxd5 17.c3 Bxe3 18.Bxe3 O-O 19.O-O Bc4 20.Qxd8 Rfxd8 21.Rfe1 Rd3
22.a4 Re8 23.axb5 axb5 24.Rad1 Red8 25.Rxd3 Rxd3 26.Bc5 f6 27.Ra1 g5 28.Ra6
Rd1+ 29.Kf2 Rd2+ 30.Kg1 Kf7 31.Ba3 Rd1+ 32.Kf2 Rd2+ 33.Kg1 h5 34.Rd6 Rc2
35.Rd1 h4 36.h3 Ke6 37.Re1 Kf5 38.Kh2 Bd3 39.Kg1 Kf4 40.Kh2 Be2 41.Kh1 Bd3
42.Kh2 e4 43.Rd1 Be2 44.Rd6 Bxf3 {#R} 0-1

[Event "Tournament (open) \"]
[Site "masterchessopen.com St. Petersburg (Russia)"]
[Date "2008.05.03"]
[Round "3"]
[White "Bene Alina (RUS)"]
[Black "Kopasov Evgeny (RUS)"]
[Result "0-1"]
[WhiteElo "1840"]
[BlackElo "2046"]

1.e4 c5 2.Nf3 d6 3.d4 cxd4 4.Nxd4 Nf6 5.f3 e5 6.Bb5+ Nbd7 7.Nf5 d5 8.exd5 a6
9.Ba4 b5 10.Bb3 Nb6 11.Ne3 Bc5 12.Nc3 Bb7 13.Qd3 O-O 14.Ne4 Nxe4 15.fxe4 a5
16.a3 Ba6 17.Nf5 g6 18.Qg3 f6 19.h4 Kh8 20.Nh6 a4 21.Ba2 Nc4 22.h5 g5 23.Nf5
Nd6 24.Nxd6 Bxd6 25.h6 Rc8 26.c3 Rg8 27.Bd2 Rg6 28.Rh5 Bf8 29.Qh3 Rc7 30.O-O-O
b4 31.axb4 Bxb4 32.Qe6 Bd6 33.Re1 Bc8 34.Rf1 Bxe6 35.dxe6 Be7 36.Be3 Qd3
37.Rf3 Rxc3+ 38.bxc3 Ba3# 0-1

[Event "Ch ASEAN (juniors) (under 16)"]
[Site "masterchessopen.com Danang (Vietnam)"]
[Date "2008.06.10"]
[Round "1"]
[White "Chua Zheng Yuan Terry (SIN)"]
[Black "Bui Manh Hung (VIE)"]
[Result "1-0"]
[WhiteElo "2139"]
[BlackElo "1804"]

1.e4 c5 2.Nf3 d6 3.d4 cxd4 4.Nxd4 Nf6 5.f3 e5 6.Bb5+ Bd7 7.Bxd7+ Qxd7 8.Nf5 d5
9.Bg5 dxe4 10.Bxf6 Qxd1+ 11.Kxd1 gxf6 12.fxe4 Na6 13.Ke2 Rg8 14.g3 Nb4 15.Na3
O-O-O 16.Rad1 Bc5 17.c3 Nc6 18.b4 Bf8 19.Nc4 Rxd1 20.Rxd1 Nd8 21.Nce3 Nc6
22.Nd5 a6 23.Nxf6 Rg6 24.Nxh7 Be7 25.Rd5 Bd8 26.Nf8 Rf6 27.Nd7 Re6 28.Nc5 {#r}
1-0

[Event "Ch Germany (juniors) (Internet) (under 25) (final)"]
[Site "masterchessopen.com Internet"]
[Date "2008.06.15"]
[Round "6"]
[White "Hoffmann Paul (GER)"]
[Black "Armbrust Florian (GER)"]
[Result "1-0"]
[WhiteElo "2338"]
[BlackElo "2326"]

1.e4 c5 2.Nf3 d6 3.d4 cxd4 4.Nxd4 Nf6 5.f3 e5 6.Bb5+ Bd7 7.Bxd7+ Qxd7 8.Nf5
Nc6 9.Ne3 g6 10.O-O Bh6 11.Nc3 Bxe3+ 12.Bxe3 O-O 13.Qd2 Rad8 14.Rfd1 Qe6
15.Bg5 Ne7 16.Qe3 a6 17.Qb6 Rd7 18.Bxf6 Qxf6 19.Nd5 Nxd5 20.Rxd5 Qd8 21.Qb4
Qc7 22.c4 Rc8 23.b3 Qb8 24.Rad1 Qa7+ 25.Kh1 Rcd8 26.h3 Qf2 27.Qd2 Qxd2
28.R1xd2 Kf8 29.c5 Ke7 30.cxd6+ Ke6 31.f4 f6 32.fxe5 fxe5 33.Kg1 Rxd6 34.Rxd6+
Rxd6 35.Re2 Rd4 36.Kf2 b5 37.Ke3 a5 38.Rc2 Kd6 39.Rc8 Rd1 40.Rd8+ {#r} 1-0

[Event "Ch Germany (juniors) (Internet) (under 25) (final)"]
[Site "masterchessopen.com Internet"]
[Date "2008.06.15"]
[Round "2"]
[White "Hoffmann Paul (GER)"]
[Black "Rezasade Amir (GER)"]
[Result "1-0"]
[WhiteElo "2338"]
[BlackElo "2275"]

1.e4 c5 2.Nf3 d6 3.d4 cxd4 4.Nxd4 Nf6 5.f3 e5 6.Bb5+ Nbd7 7.Nf5 a6 8.Ba4 b5
9.Bb3 Nc5 10.Nc3 Bxf5 11.exf5 Nxb3 12.axb3 d5 13.Bg5 d4 14.Ne4 Be7 15.Bxf6
Bxf6 16.O-O O-O 17.c3 Qb6 18.c4 bxc4 19.bxc4 Qxb2 20.Qd3 Qb6 21.Rfb1 Qc6 22.c5
Rfb8 23.Rxb8+ Rxb8 24.Rxa6 Qc8 25.h3 Be7 26.c6 Bf8 27.f6 Rb2 28.fxg7 Bxg7
29.Nd6 Qd8 30.Qa3 Rxg2+ 31.Kxg2 Qg5+ 32.Kf1 Qd2 33.Ra8+ Bf8 34.Rxf8+ Kxf8 {#r}
1-0

[Event "It (open)"]
[Site "masterchessopen.com Voronezh (Russia)"]
[Date "2008.06.19"]
[Round "7"]
[White "Yandemirov Valeri (RUS)"]
[Black "Petukhov Dmitry (RUS)"]
[Result "1-0"]
[WhiteElo "2461"]
[BlackElo "2411"]

1.e4 c5 2.Nf3 d6 3.d4 cxd4 4.Nxd4 Nf6 5.f3 e5 6.Bb5+ Bd7 7.Bxd7+ Qxd7 8.Nf5 g6
9.Ne3 Bg7 10.O-O O-O 11.Nc3 Nc6 12.Ncd5 Nxd5 13.Nxd5 f5 14.Be3 fxe4 15.fxe4
Nd4 16.Rxf8+ Rxf8 17.c3 Nc6 18.Qe2 Qf7 19.Rd1 Ne7 20.Nxe7+ Qxe7 21.Bxa7 Ra8
22.Be3 Rxa2 23.Qc4+ Qf7 24.Qc8+ {#r} 1-0

[Event "Ch Russia (club) (juniors) (under 18)"]
[Site "masterchessopen.com Rybinsk (Russia)"]
[Date "2008.08.03"]
[Round "2"]
[White "Miloserdova Irina (RUS)"]
[Black "Rjanova Valery (RUS)"]
[Result "1-0"]
[WhiteElo "2056"]
[BlackElo "2027"]

1.e4 c5 2.Nf3 d6 3.d4 cxd4 4.Nxd4 Nf6 5.f3 e5 6.Bb5+ Nbd7 7.Nf5 d5 8.exd5 a6
9.Ba4 b5 10.Bb3 Nc5 11.Ne3 Nxb3 12.axb3 Bc5 13.c4 Bb7 14.Nc3 O-O 15.Qe2 Qb6
16.O-O Nh5 17.Ne4 Nf4 18.Qd2 Bd4 19.Kh1 f5 20.Nc3 Rae8 21.Ncd1 Qd6 22.Nc2 Bb6
23.g3 Nh5 24.Qe2 Nf6 25.Nde3 g6 26.Bd2 Qd7 27.Nb4 Ra8 28.Nd3 Bd4 29.Nc2 Rac8
30.Nxd4 exd4 31.Rac1 Ne8 32.Bb4 Rf6 33.Qf2 Qd8 34.Qxd4 a5 35.Bd2 Rf8 36.Bc3
Nf6 37.Nc5 Qe7 38.Ne6 Rf7 39.Ng5 Rff8 40.Ne6 Rf7 41.Rce1 Qd7 42.Ng5 Rff8
43.Re6 b4 44.Rxf6 bxc3 45.Rxf8+ Rxf8 46.Qxc3 Re8 47.Ne6 Qd6 48.Qg7# 1-0

[Event "It (open) (a)"]
[Site "masterchessopen.com Sukhumi (Georgia)"]
[Date "2008.08.04"]
[Round "2"]
[White "Looshnikov Nikolai (RUS)"]
[Black "Karmov Mazhmudin (RUS)"]
[Result "1-0"]
[WhiteElo "2500"]
[BlackElo "2235"]

1.e4 c5 2.Nf3 d6 3.d4 cxd4 4.Nxd4 Nf6 5.f3 e5 6.Bb5+ Bd7 7.Bxd7+ Qxd7 8.Nf5 d5
9.Bg5 dxe4 10.Bxf6 Qxd1+ 11.Kxd1 gxf6 12.fxe4 Nc6 13.c3 O-O-O+ 14.Kc2 Rg8
15.g3 Ne7 16.Nxe7+ Bxe7 17.Nd2 Rd7 18.a4 h5 19.Nf3 Rgd8 20.Rad1 Bf8 21.Nh4 Kc7
22.Rxd7+ Rxd7 23.Rf1 Bh6 24.Rf2 Be3 25.Re2 Bg1 26.Rg2 Bc5 27.Nf5 Bf8 28.g4
hxg4 29.Rxg4 Rd8 30.h4 {#r} 1-0

[Event "It (open)"]
[Site "masterchessopen.com Manresa (Spain)"]
[Date "2008.08.16"]
[Round "5"]
[White "Ridameya Tatche Jose (ESP)"]
[Black "Sundararajan Kidambi (IND)"]
[Result "0-1"]
[WhiteElo "2091"]
[BlackElo "2501"]

1.e4 c5 2.Nf3 d6 3.d4 cxd4 4.Nxd4 Nf6 5.f3 e5 6.Bb5+ Nbd7 7.Nb3 Be7 8.Be3 O-O
9.Nc3 Nb6 10.Qe2 Be6 11.Rd1 Qc7 12.Bd3 Nc4 13.Bc1 Rac8 14.O-O b5 15.Kh1 a6
16.Nd5 Bxd5 17.exd5 Nb6 18.Bf5 Rce8 19.Be4 Nh5 20.g4 Nf4 21.Qf2 Nc4 22.c3 Bg5
23.h4 Nh3 24.Qc2 Bxc1 25.Qxc1 Qd8 26.g5 f5 27.Bd3 Qb6 28.Kh2 Nf2 29.Bxc4 Nxd1
30.Bxb5 Qxb5 31.c4 Qa4 32.Rxd1 Qxa2 33.Qc3 Rb8 34.Rd3 e4 35.Re3 f4 36.Nc1
Rxb2+ {#R} 0-1

[Event "Ch Argentina (team)"]
[Site "masterchessopen.com Villa Martelli (Argentina)"]
[Date "2008.08.16"]
[Round "2"]
[White "Sanduay Nicolas (ARG)"]
[Black "Rey Fernando (ARG)"]
[Result "0-1"]
[WhiteElo "2015"]
[BlackElo "2211"]

1.e4 c5 2.Nf3 d6 3.d4 cxd4 4.Nxd4 Nf6 5.f3 e5 6.Bb5+ Nbd7 7.Nf5 d5 8.exd5 a6
9.Ba4 b5 10.Bb3 Nb6 11.Ne3 Bb7 12.Nc3 b4 13.Ne4 Nxe4 14.fxe4 Qh4+ 15.g3 Qxe4
16.Rf1 Bc5 17.Qf3 Qxf3 18.Rxf3 O-O 19.Bd2 Rad8 20.Rf5 a5 21.c4 Bd4 22.Nc2 Bxb2
23.Rb1 Bd4 24.Nxd4 exd4 25.a4 Rfe8+ 26.Kf2 Nd7 27.Rf4 d3 28.Be3 Ne5 29.Bb6 Ra8
30.c5 Nd7 31.Bxa5 Nxc5 32.Bxb4 Re2+ 33.Kg1 Nxb3 34.Rxb3 Ba6 35.Rf2 Bc4 36.Rc3
d2 {#R} 0-1

[Event "Cup Independence (cat.1)"]
[Site "masterchessopen.com Kishinev (Moldova)"]
[Date "2008.08.17"]
[Round "11"]
[White "Baltag Iulian (MDA)"]
[Black "Ianocichin Victor (MDA)"]
[Result "1-0"]
[WhiteElo "2360"]
[BlackElo "2228"]

1.e4 c5 2.Nf3 d6 3.d4 cxd4 4.Nxd4 Nf6 5.f3 e5 6.Bb5+ Bd7 7.Bxd7+ Qxd7 8.Nf5 d5
9.Bg5 dxe4 10.Bxf6 gxf6 11.fxe4 Qb5 12.Nc3 Qc6 13.Nd5 Nd7 14.Qe2 Rc8 15.c3 Qc4
16.Qf3 Rc6 17.Rd1 Rg8 18.b3 Qc5 19.Qd3 Qa5 20.Nb6 Qxc3+ 21.Qxc3 Rxc3 22.Nxd7
Be7 23.Nd6+ Bxd6 24.Nxf6+ Kf8 25.Nxg8 Bb4 26.Rd8+ Kg7 27.O-O {#r} 1-0

[Event "Ch Croatia (team) (1st league) (a)"]
[Site "masterchessopen.com Sibenik (Croatia)"]
[Date "2008.09.05"]
[Round "9"]
[White "Leventic Ivan (CRO)"]
[Black "Orak Ljubomir (CRO)"]
[Result "1-0"]
[WhiteElo "2512"]
[BlackElo "2326"]

1.e4 c5 2.Nf3 d6 3.d4 cxd4 4.Nxd4 Nf6 5.f3 e5 6.Bb5+ Nbd7 7.Nf5 d5 8.exd5 a6
9.Ba4 b5 10.Bb3 Nc5 11.Ne3 Nxb3 12.axb3 Bc5 13.Nc3 O-O 14.Qd3 Nh5 15.g3 f5
16.Bd2 e4 17.fxe4 f4 18.Nf5 Bxf5 19.exf5 Qe7+ 20.Kd1 fxg3 21.hxg3 Nf6 22.Re1
Qb7 23.Ne4 Nxe4 24.Qxe4 Rae8 25.Qd3 Rxe1+ 26.Bxe1 Rd8 27.c4 bxc4 28.bxc4 Qxb2
29.Rb1 Qe5 30.Bc3 Qe7 31.Qe2 Qxe2+ 32.Kxe2 Re8+ 33.Kd2 Be3+ 34.Kd3 Bf2 35.Bd4
Bxg3 36.Rg1 Be5 37.Re1 {#r} 1-0

[Event "Ch Europe (juniors) (under 18)"]
[Site "masterchessopen.com Herceg Novi (Montenegro)"]
[Date "2008.09.18"]
[Round "4"]
[White "Plaskan Jure (SLO)"]
[Black "Roos Adrian (BEL)"]
[Result "1-0"]
[WhiteElo "2131"]
[BlackElo "2066"]

1.e4 c5 2.Nf3 d6 3.d4 cxd4 4.Nxd4 Nf6 5.f3 e5 6.Bb5+ Bd7 7.Bxd7+ Qxd7 8.Nf5 d5
9.Bg5 dxe4 10.Bxf6 gxf6 11.fxe4 Qc6 12.Qe2 Nd7 13.O-O Qb6+ 14.Kh1 Qxb2 15.Nd2
Nb6 16.Nb3 O-O-O 17.a4 Qc3 18.a5 Nd7 19.a6 b6 20.Rad1 Qc6 21.Rd5 Rg8 22.Rfd1
Bb4 23.c3 Ba3 24.Qd3 Qc7 25.Qh3 h5 26.c4 Kb8 27.Nh6 Rg4 28.Nxg4 hxg4 29.Qxg4
Kc8 30.h4 Qc6 31.c5 bxc5 32.Na5 {#r} 1-0

[Event "Tournament"]
[Site "masterchessopen.com Swietochlowice (Poland)"]
[Date "2008.10.03"]
[Round "4"]
[White "Leks Maria (POL)"]
[Black "Mostowski Boguslaw (POL)"]
[Result "1-0"]
[WhiteElo "1849"]
[BlackElo "1807"]

1.e4 c5 2.Nf3 d6 3.d4 cxd4 4.Nxd4 Nf6 5.f3 e5 6.Bb5+ Bd7 7.Bxd7+ Nbxd7 8.Nf5
Nc5 9.Nc3 h6 10.O-O g6 11.Ne3 Rc8 12.Ned5 Bg7 13.Be3 Nxd5 14.Qxd5 Qd7 15.Rad1
Bf8 16.f4 f6 17.fxe5 dxe5 18.Rxf6 Qxd5 19.Rxd5 Nd7 20.Rxg6 Rh7 21.Re6+ Re7
22.Rxe7+ Kxe7 23.Rd2 b6 24.Nb5 Rc4 25.Nd6 Rc6 26.Nf5+ Ke8 27.Kf2 Nf6 28.Kf3 h5
29.Bg5 Nd7 30.Ng3 Rc4 31.Nxh5 Nc5 32.Ng3 Ne6 33.Be3 Nf4 34.Bxf4 exf4 35.Nf5
Rc6 36.Kxf4 Kf7 37.g4 Ke6 38.Nd4+ {#r} 1-0

[Event "Landesliga Bayern North 2008/09"]
[Site "masterchessopen.com Bayern (Germany)"]
[Date "2008.10.05"]
[Round "1"]
[White "Heimrath Wolfgang (GER)"]
[Black "Lowitz Torsten (GER)"]
[Result "1-0"]
[WhiteElo "2128"]
[BlackElo "2180"]

1.e4 c5 2.Nf3 d6 3.d4 cxd4 4.Nxd4 Nf6 5.f3 e5 6.Bb5+ Nbd7 7.Nf5 Qc7 8.Bg5 a6
9.Bxf6 gxf6 10.Bxd7+ Bxd7 11.Ne3 Be7 12.Nc3 Be6 13.Qd2 Rc8 14.O-O-O b5 15.Ncd5
Qc5 16.Kb1 Rb8 17.g4 Kd7 18.Nf5 Bxd5 19.Qxd5 Qxd5 20.Rxd5 Rhd8 21.Rhd1 Ke6
22.R1d3 Rb6 23.Rc3 Kd7 24.Kc1 Bf8 25.h4 Rc6 26.Rcd3 Rdc8 27.Rd2 Ke6 28.a3 R8c7
29.c3 Rc8 30.Kc2 R8c7 31.f4 Rd7 32.g5 Rc4 33.fxe5 fxe5 34.Kd3 Rc5 35.Ne3 h6
36.Ke2 hxg5 37.hxg5 Be7 38.Nf5 Rdc7 39.Rxd6+ Bxd6 40.Rxd6# 1-0

[Event "It (cat.1) (a)"]
[Site "masterchessopen.com Budapest (Hungary)"]
[Date "2008.11.02"]
[Round "2"]
[White "Konnyu Janos (HUN)"]
[Black "Bacso Gabor (HUN)"]
[Result "1-0"]
[WhiteElo "2316"]
[BlackElo "2181"]

1.e4 c5 2.Nf3 d6 3.d4 cxd4 4.Nxd4 Nf6 5.f3 e5 6.Bb5+ Bd7 7.Bxd7+ Qxd7 8.Nf5 h6
9.Nc3 Qc6 10.O-O Nbd7 11.Ne3 Be7 12.Kh1 O-O 13.Nf5 Rfe8 14.Be3 Bf8 15.Qd2 Nb6
16.Bxb6 Qxb6 17.b3 Rac8 18.Na4 Qc6 19.c4 b5 20.cxb5 Qxb5 21.Ne3 Rc6 22.Rfc1
Rec8 23.Rxc6 Rxc6 24.Nb2 g6 25.Nbc4 h5 26.Rd1 Be7 27.Qc3 Bd8 28.Nxd6 Rxc3
29.Nxb5 Rxe3 30.Rxd8+ Kg7 31.Kg1 Re2 32.a4 h4 33.Nxa7 Nh5 34.a5 Rb2 35.Nc6 f6
36.a6 Nf4 37.a7 {#r} 1-0